000 00919nam a22002657a 4500
003 DO-SdBNP
005 20260116073830.0
007 ta
008 210921b 2018 dr a 00| 0 eng d
020 _a9789945802917
040 _aDO-SdBNP
_bspa
_cBNPHU
082 4 _a158.1
_bM425p
_222
100 1 _aMateo García, Henry Mayobanex,
_d1992-
_979975
245 1 _aPensamientos de un joven cortesano /
_cHenry Mayobanex Mateo García ; prólogo José Luis Corripio Estrada (Pepín)
260 _aSanto Domingo :
_bCorripio,
_c2018
300 _a148 p. :
_bil. ;
_c22 cm.
500 _aIncluye datos biográficos del autor en la solapa de la contracubierta
590 _aInventariado, 2021/BT
650 0 _aÉxito
_9394
650 0 _aAutoestima
_9212
650 4 _aConducta (Ética)
700 1 _aCorripio Estrada, José Luis,
_epról.
_979976
910 _aBtavárez/Validado. Control de calidad MFF
942 _2ddc
_cLBS1
999 _c50600
_d50600